000 01609nam a2200289 a 4500
001 000035672
005 20240409073643.0
008 100908s2011 dr g 000 0dspa d
020 _a9789945469523
040 _aDO-SdBNP
_bspa
_cBNPHU
082 _a972.93053
_bL256y, 2011
100 1 _aLandestoy, Carmita,
_b1880-1988
_944737
245 1 0 _aYo también acuso /
_cCarmita Landestoy ; liminar José Rafael Lantigua ; introducción Bernardo Vega.
250 _a[3a. ed.]
260 _aSanto Domingo :
_bNacional,
_c2011.
300 _a240 p. ;
_c25 cm.
490 1 _aColección especial 30 de mayo: Puerta a la libertad
590 _aInventariado, 2019/MFF
534 _aYo tambien acuso
_cNew York : Azteca Pres, 1946.
_nOriginales provistos por Bernardo Vega
505 0 _gLiminar /
_rJosé Rafael Lantigua --
_gIntroducción /
_rBernardo Vega --
_tA manera de prólogo --
_tPor qué escribo este libro --
_tConsideraciones generales acerca de las dictaduras en América --
_tTiranía de Trujillo en la República Dominicana --
_tEl progreso material --
_tLos monopolios de Trujillo y sus familiares --
_t¿En qué leyes se apoya Trujillo para permanecer en el poder?
_tLa filosofía de Trujillo.
650 4 _aPersecuciones políticas
_xRepública dominicana
_944738
651 4 _aRepública Dominicana
_xPolítica Y Gobierno
_yERA DE TRUJILLO, 1930-1961
_91374
700 1 _aLantigua, José Rafael,
_d1949-
_b1949-,
_epról.
_91438
700 1 _aVega, Bernardo,
_d1938 -
_b1938-,
_eintrd.
_93222
830 0 _aColección especial 30 de mayo: Puerta a la libertad
_961597
910 _aValidado. Control de calidad EMS
999 _c35163
_d35163